000
00214nam a2200085Ia 4500
245
0
_a
Cookie magic
100
_a
SHIRAZI, Kate London, 2009
_9
83135
942
_c
BK
008
210817s9999 xx 000 0 und d
999
_c
302155
_d
302154